[Event "Charlotte IM-B MLK 2022"]
[Site "Charlotte"]
[Date "2022.01.16"]
[Round "6.2"]
[White "Amburgy, Ryan"]
[Black "Matros, Alexander"]
[Result "1-0"]
[WhiteElo "2135"]
[BlackElo "2361"]
[Annotator "TA"]
[PlyCount "79"]
[EventDate "2022.01.13"]
[EventType "tourn"]
[EventCountry "USA"]
[SourceTitle "playchess.com"]
[Source "ChessBase"]
[SourceQuality "1"]

{[%evp 9,79,-5,0,2,37,-8,75,72,84,77,72,18,15,29,12,0,0,-77,-84,-87,-69,-81,-100,-69,-85,-75,-68,-82,-85,-79,122,116,246,218,275,346,313,291,290,300,800,789,796,779,714,527,582,561,504,493,888,875,909,736,735,733,789,701,442,442,442,420,507,276,218,212,564,353,764,764,650,627]} 1. d4 Nf6 2. Nc3 d5 3. Bf4 a6 4. e3 b5 5. h4 e6 6. g4 {[#] D00: 1 d4 d5: Unusual lines.} Bd6 $146 ({Predecessor:} 6... Bb7 7. g5 Nfd7 8. Nce2 c5 9. c3 Nc6 10. Nf3 Qb6 11. h5 Be7 12. Bh3 g6 {1-0 (41) Esipenko,A (2701)-Gelman,A (2403) Chess.com INT 2021}) 7. Nh3 (7. g5 $14 {should be considered.} Bxf4 8. exf4 (8. gxf6 Bh6 $11)) 7... Ne4 (7... b4 $11 {keeps the balance.} 8. g5 bxc3 9. gxf6 g6) 8. Nxe4 $16 {White is better.} dxe4 9. Bg2 Bb7 10. g5 ({Better is} 10. c3 $16) 10... Nd7 $11 11. Qg4 Qe7 12. Bxd6 cxd6 {[%cal Bc7d6,Bd6d5][%mdl 32]} 13. Bxe4 (13. O-O-O $11 {remains equal.}) 13... f5 $1 $17 ({Don't take} 13... d5 14. Bd3 $14) 14. Qh5+ g6 15. Bxb7 gxh5 16. Bxa8 d5 $1 17. Bc6 Qb4+ 18. c3 $1 Qxb2 19. O-O Qxc3 $2 (19... Qa3 $1 $17 {keeps the pressure on. aiming for ...Kd8.} 20. Nf4 Ke7 21. Bxd7 Kxd7) 20. Rac1 $36 {[%cal Ba1c1,Bc1c2,Bc2c6][%mdl 2080] White is on the roll. White is more active.} Qa3 {[#] This move loses the game for Black.} (20... Qa5 $16 {might work better.}) 21. Rc2 $1 $18 Ke7 {Strongly threatening ...Nb6.} 22. Bxd7 Kxd7 {[#]} 23. Rfc1 $1 Qd6 {Prevents Rc7+.} 24. Nf4 {And now Nd3 would win.} Rb8 $2 (24... Qb8 25. Nd3 Kd8) 25. Nd3 f4 26. Rc6 {Threatens to win with Ne5+.} Qa3 27. Rc7+ Ke8 28. Nxf4 Rb7 29. Rc8+ ({Weaker is} 29. Rxb7 Qxc1+ 30. Kg2 Qd1 $11) 29... Kf7 (29... Ke7 $142 30. Nxh5 (30. R1c6 Qxa2 31. Rxe6+ Kd7 $18) 30... Qd3) 30. R1c6 Qxa2 31. Rxe6 Qb1+ 32. Kg2 Qd1 33. Rf6+ Ke7 34. Rg8 {White wants to mate with Rg7+.} Qg4+ 35. Kh2 (35. Kf1 Qd1+ 36. Kg2 Rd7 37. Rxa6 Qg4+ 38. Kh2 Kf7 $18) 35... Rd7 36. Nh3 b4 (36... Qxh4 $2 37. Rf4 Qxf4+ 38. Nxf4 $18) 37. Rxa6 {Hoping for Rh8. Dancing on a razor blade.} Kf7 $2 (37... Qxh4 $2 38. Rg7+ Kd8 39. Ra8+ Kc7 40. Ra7+ Kc6 41. Rgxd7 $18) (37... b3 38. Rb6 Qxh4) 38. Raa8 {[%cal Og5g6] g6+! is the strong threat.} Rb7 $2 (38... Qxh4 $2 39. Raf8+ Ke6 40. Rf6+ Ke7 41. Rf4 Qxf4+ 42. Nxf4 $18) (38... b3 39. g6+ hxg6 40. Ng5+ Ke7 41. Rae8+ Kf6) 39. Raf8+ Ke7 40. Rf4 {Weighted Error Value: White=0.35/Black=0.59} 1-0

[Event "Charlotte IM-B MLK 2022"]
[Site "Charlotte"]
[Date "2022.01.16"]
[Round "6.3"]
[White "Wu, Rochelle"]
[Black "Bregadze, Levan"]
[Result "0-1"]
[WhiteElo "2176"]
[BlackElo "2448"]
[Annotator "TA"]
[PlyCount "34"]
[EventDate "2022.01.13"]
[EventType "tourn"]
[EventCountry "USA"]
[SourceTitle "playchess.com"]
[Source "ChessBase"]
[SourceQuality "1"]

{[%evp 9,34,-61,-42,-56,-56,-97,-102,-89,-54,-56,-47,-60,-54,-125,-97,-90,-62,-61,-60,-114,-106,-95,-90,-177,-91,-362,-359]} 1. d4 Nf6 2. Bg5 e6 3. e4 c5 4. Bxf6 Qxf6 5. e5 Qg6 {[#]} 6. c3 $146 {A45: Trompowsky Attack.} ({Predecessor:} 6. Nf3 cxd4 7. Bd3 f5 8. h4 Nc6 9. h5 Qh6 10. Nbd2 g5 11. Nb3 g4 12. Nfxd4 Nxd4 13. Nxd4 {½-½ (42) Michna,M (2383)-Osmanodja,F (2199) Erfurt 2012}) 6... Nc6 {[%cal Bb8c6,Bc6b4,Bb4d5][%mdl 32]} 7. Nf3 (7. a3 $15 {is superior.}) 7... cxd4 $17 8. cxd4 {Black is better.} Nb4 $1 {...Nc2+ is the strong threat.} 9. Na3 {To avoid Nc2+} Nd5 10. Nc2 b6 $36 {[%mdl 2048] Black has good play.} 11. g3 (11. Bc4 $1 $15) 11... Bb7 {Threatens to win with ...Qe4+.} 12. Bd3 {Prevents Qe4+.} Qh5 {And now ...Nb4 would win.} 13. Be2 Qh3 {Black is more active.} 14. Qd2 (14. Ng5 $15 Qh6 15. Ne4) 14... Rc8 15. a3 Be7 16. O-O-O {[#]} (16. Ng1 $17 Qh6 17. Nf3) 16... Qf5 (16... Nb4 $1 $19 {[%mdl 512]} 17. axb4 Be4) 17. Qd3 {[%mdl 8192] [#]} (17. Kb1 $17) 17... Nf4 $1 {[%mdl 512] Weighted Error Value: White=0.66/Black=0.14 (very precise)} 0-1

[Event "Charlotte IM-B MLK 2022"]
[Site "Charlotte"]
[Date "2022.01.16"]
[Round "6.4"]
[White "Oberoi, Shelev"]
[Black "Kanli, Alperen"]
[Result "1/2-1/2"]
[WhiteElo "2268"]
[BlackElo "2055"]
[Annotator "TA"]
[PlyCount "116"]
[EventDate "2022.01.13"]
[EventType "tourn"]
[EventCountry "USA"]
[SourceTitle "playchess.com"]
[Source "ChessBase"]
[SourceQuality "1"]

{[%evp 9,116,-13,15,10,51,0,-1,-40,-29,-142,-145,-209,-172,-223,-135,-123,-125,-171,-123,-114,-110,-112,-134,-177,-180,-214,-201,-239,-240,-247,-273,-359,-300,-366,-295,-312,-283,-337,-328,-338,-326,-348,-307,-315,-247,-256,-236,-233,-181,-187,-177,-280,-289,-286,-300,-315,-300,-367,-366,-366,-355,-363,-320,-387,-380,-379,-364,-455,-452,-432,-424,-352,-154,-396,-194,-177,-141,-345,-135,-295,-8,-8,0,0,0,0,0,0,0,0,0,0,0,0,8,8,8,8,8,8,8,8,8,8,8,8,8,8,8]} 1. e4 c6 2. d4 {[%cal Bd2d4,Bd4c5][%mdl 32]} d5 3. e5 c5 4. dxc5 e6 5. Qg4 Ne7 6. Nf3 {B12: Caro-Kann: Advance Variation.} Nbc6 (6... Nd7 $11) 7. c3 ({White should try} 7. Nc3 $1 $14) 7... Ng6 8. Bb5 Bxc5 {[#] White must now prevent ...Qb6.} 9. h4 $146 (9. Qg3 $11 {keeps the balance.}) ({Predecessor:} 9. O-O Qb6 10. Bxc6+ bxc6 11. b4 Be7 12. Be3 Qc7 13. Qh5 Ba6 14. Re1 {1-0 (27) Bibasa,B (2160)-Luggya,V (2015) Kampala 2011}) 9... Qb6 $1 $17 {[%csl LRb5,LRf2]} 10. a4 (10. Bxc6+ $17 bxc6 11. Qg3) 10... Bxf2+ $19 11. Ke2 (11. Kf1 $142) 11... h5 12. Qg5 Bc5 13. Na3 (13. Bd3 $17 {was called for.} Be7 14. Qg3) 13... Qc7 (13... Qd8 $19 14. Be3 Bxe3 15. Qxe3 Qc7) 14. Bd3 $17 Bxa3 (14... Ncxe5 $6 15. Nb5 Qb8 16. Nxe5 Qxe5+ 17. Qxe5 Nxe5 18. Nc7+ Ke7 19. Nxa8 $11) (14... Ngxe5 $2 15. Qxg7 Rf8 16. Nb5 $18) 15. Rxa3 Ncxe5 {[%cal Bc6e5,Be5d7,Bd7c5][%mdl 32]} 16. Qg3 (16. Nxe5 $17 Qxe5+ 17. Be3) 16... Qb8 $19 17. Bb5+ Bd7 18. Rf1 a6 19. Bxd7+ Nxd7 {Pair of Knights!} ({Stronger than} 19... Kxd7 20. Bf4 Nxf4+ 21. Qxf4) 20. Qg5 Qc7 21. Nd4 {[%cal Od4e6]} Qe5+ 22. Qxe5 Ngxe5 (22... Ndxe5 $2 {perishes.} 23. Rb3 $19) 23. Bg5 Nc5 24. Ra2 Ne4 {Strongly threatening ...Ng3+.} 25. Re1 Nc6 26. Nf3 Nxg5 27. hxg5 O-O-O 28. b4 e5 {[%cal Be6e5,Be5e4][%mdl 32]} 29. b5 e4 30. Nh4 (30. bxc6 {was worth a try.} exf3+ 31. Kxf3) 30... Ne5 31. bxa6 bxa6 32. Rb1 Kc7 33. Rab2 Rb8 {To avoid Rb7+} 34. Rxb8 Rxb8 35. Rxb8 Kxb8 {[%mdl 4096] Endgame KN-KN} 36. Nf5 Kc7 37. Nxg7 Kd6 38. Ke3 Kc5 39. Nxh5 Kc4 40. Nf6 Ng6 (40... Nd3 $19 {Threatens to win with ...a5.} 41. Kd2 a5) 41. g3 $2 (41. Kd2 $17) 41... Ne7 (41... a5 $142 {aiming for ...Ne7.} 42. Kd2 Ne5) 42. Kd2 Kb3 43. a5 {[#]} Ka4 $2 (43... Nc6 $1 $19 {[%cal Rc6a5] is more deadly.} 44. Nxd5 Nxa5) 44. c4 $2 {[#]} (44. Ne8 $17) 44... dxc4 $2 (44... e3+ $1 $19 45. Kxe3 dxc4) 45. Nxe4 $11 {The position is equal.} Nd5 {Hoping for ...Kb4.} 46. Kc2 Kxa5 47. Nd6 {[%csl LRc4,LRf7]} Kb4 48. Nxf7 Ne3+ 49. Kc1 Nf5 50. g6 a5 51. Nd6 Ng7 (51... Nxd6 $2 52. g7 $18) 52. g4 {And now Nf5 would win.} Kc5 53. Nf5 Ne8 54. Kb2 {Intending g7 and mate.} Kd5 55. g7 Nxg7 56. Nxg7 {Kc3 is the strong threat.} Ke5 57. Ne8 Kf4 58. Nf6 Kg5 {Whites escaped into a draw.  Weighted Error Value: White=0.31/Black=0.32} 1/2-1/2

[Event "Charlotte IM-B MLK 2022"]
[Site "Charlotte"]
[Date "2022.01.16"]
[Round "6.5"]
[White "Chen, Ryo"]
[Black "Fishbein, Alexander"]
[Result "1/2-1/2"]
[WhiteElo "2294"]
[BlackElo "2458"]
[Annotator "TA"]
[PlyCount "149"]
[EventDate "2022.01.13"]
[EventType "tourn"]
[EventCountry "USA"]
[SourceTitle "playchess.com"]
[Source "ChessBase"]
[SourceQuality "1"]

{[%evp 24,149,0,0,0,0,0,-15,-25,-19,-16,-19,-18,-14,0,-10,0,0,0,0,0,0,0,0,0,0,0,0,28,8,5,4,4,0,0,3,7,10,15,15,12,10,14,0,0,0,0,0,0,0,9,0,-8,-36,-42,-47,0,0,-10,-10,-18,-179,-61,-970,-1023,-893,-43,-43,-30,-59,-59,-59,-59,-59,0,0,0,0,0,0,0,0,0,-177,0,-2350,-1608,-1604,-1552,-1067,-619,-633,0,0,0,0,0,0,0,0,0,0,0,0,0,0,0,0,0,0,0,0,0,0,0,0,0,0,0,0,0,0,0,0,0,0,0,0]} 1. e4 c5 2. Nf3 Nc6 3. d4 cxd4 4. Nxd4 g6 5. Nc3 Bg7 6. Nb3 Nf6 7. Be2 O-O 8. O-O d6 {[%cal Bd7d6,Bd6d5][%mdl 32]} 9. Bg5 Be6 10. Kh1 h6 11. Bh4 g5 12. Bg3 d5 13. Nc5 dxe4 {B70: Sicilian Dragon: 6 g3 and 6 Be2 (without a later Be3).} 14. Nxe6 {[#]} Qxd1 $146 ({Predecessor:} 14... fxe6 15. Bc4 Qc8 16. Bb3 Rd8 17. Qe1 Nd4 18. Nxe4 Qc6 19. Nd2 Nxb3 20. axb3 a6 21. c3 {½-½ (69) Nikolov,S (2354)-Kovacevic,A (2547) Bled 2002}) 15. Bxd1 fxe6 16. Re1 Rad8 17. Nxe4 Nxe4 18. Rxe4 Bxb2 19. Rb1 Bd4 20. Bf3 Bb6 21. Rxe6 Rf6 22. Re2 Nd4 {[%csl LRe2,LRf3]} 23. Rxe7 Nxf3 24. gxf3 Rxf3 25. Rxb7 Rdf8 26. Rd1 R8f7 27. Rxf7 Kxf7 $11 {[%mdl 4096] Endgame KRB-KRB} 28. Rd3 Rf5 29. Kg2 Rc5 30. c3 Ra5 31. Rd7+ Kg6 32. Rd2 Rc5 33. Rc2 Rc4 34. f3 Kf5 35. Kf1 h5 36. Ke2 h4 37. Kd3 Rc8 38. Be1 Rd8+ 39. Kc4 Re8 40. Bf2 Kf4 41. Bxb6 axb6 {KR-KR} 42. Rg2 $2 (42. Kb5 $11) 42... Re5 $1 $19 43. Kd4 $2 {[%mdl 8192] [#]} (43. Rg1 $15) 43... Kxf3 $1 44. Rg1 (44. Rd2 Re4+) 44... Ra5 $2 (44... Re4+ $1 $19 45. Kd3 g4) 45. h3 $15 Kf4 46. Rg4+ Kf5 {And now ...Ra4+ would win.} 47. Rg2 Ra4+ 48. Ke3 g4 ({Black should play} 48... Rc4 $15 49. Rf2+ Ke5) 49. hxg4+ $11 Rxg4 50. Rb2 h3 {Threatens to win with ...Rg3+.} 51. Rb5+ Kg6 {...h2 is the strong threat.} 52. Kf2 h2 53. Rb1 (53. Rxb6+ $11 {and White has nothing to worry.} Kg5 54. Rb5+ Kg6 55. Rb6+ (55. Rb1 Kf6 $11) 55... Kg5 56. Rb5+ Kh4 57. Rb8 (57. Rb1 $2 Rg3 $19)) 53... Kg5 $2 (53... b5 $1 $19 54. Rd1 Kf5 55. Rd5+ Ke6) 54. Rh1 $2 {[%mdl 8192] [#]} (54. Rb5+ $11 Kh4 55. Rxb6) 54... Ra4 $1 $19 55. Kg3 Rxa2 {Strongly threatening ...Kf5.} 56. Rb1 Kf5 57. Kf3 {[#]} Kg6 $2 ({Better is} 57... Rb2 $3 $19 {[%mdl 512]} 58. Rd1 (58. Re1 b5) 58... Ke5) 58. Rxb6+ $11 {The position is equal.} Kg5 59. Rb1 Kh4 60. Rh1 Kh3 61. Ke4 $1 Kg2 62. Rxh2+ Kxh2 {KR-KP} 63. c4 $1 Re2+ 64. Kd5 Rd2+ 65. Ke5 Rc2 66. Kd5 Kg3 67. c5 $1 Kf4 68. c6 Kf5 69. Kd6 Rd2+ 70. Ke7 $1 Re2+ 71. Kd6 Kf6 {( -> ...Rd2+)} 72. c7 Rd2+ 73. Kc6 Rc2+ 74. Kd7 Rxc7+ 75. Kxc7 {Weighted Error Value: White=0.36/Black=0.36} 1/2-1/2

[Event "Charlotte IM-B MLK 2022"]
[Site "Charlotte"]
[Date "2022.01.17"]
[Round "7.1"]
[White "Fishbein, Alexander"]
[Black "Lima Martinez, Alejandro"]
[Result "1-0"]
[WhiteElo "2458"]
[BlackElo "2078"]
[Annotator "TA"]
[PlyCount "101"]
[EventDate "2022.01.13"]
[EventType "tourn"]
[EventCountry "USA"]
[SourceTitle "playchess.com"]
[Source "ChessBase"]
[SourceQuality "1"]

{[%evp 14,101,30,13,237,243,284,289,277,283,289,277,270,271,334,325,337,345,335,332,315,300,315,314,304,306,301,304,287,278,281,271,285,287,287,262,279,259,258,250,250,241,248,241,237,242,253,252,256,269,321,323,332,340,322,320,449,412,457,436,555,528,675,666,663,656,668,640,935,922,935,928,902,890,1083,1072,928,900,29981,29982,29988,29986,29986,29984,29984,29985,29985,29986,29983,29983]} 1. e4 c5 2. Nf3 d6 3. d4 cxd4 4. Nxd4 Nf6 5. Nc3 g6 6. Be2 Bg7 7. O-O O-O 8. Nb3 b6 $2 {[#] B70: Sicilian Dragon: 6 g3 and 6 Be2 (without a later Be3).} (8... Nc6 $11) 9. e5 $1 $18 {[#]} Ne8 $146 ({Predecessor:} 9... dxe5 10. Bf3 e4 11. Nxe4 Nd5 12. Qxd5 {1-0 (12) Silveira Garcia,Y (2192)-Lopez Rippel,R (2040) Havana 2018}) 10. Bf3 {To avoid Nc6} Nc7 {White has a decisive advantage.} 11. exd6 ({Much less strong is} 11. Bxa8 Nxa8 12. exd6 Qxd6 13. Qxd6 exd6 $18) 11... exd6 12. Bxa8 Nxa8 13. Bf4 Be5 14. Bxe5 dxe5 15. Qxd8 Rxd8 16. Rad1 Re8 17. Ne4 {[#] Strongly threatening Nf6+.} Kg7 {Inhibits Nf6.} 18. Nd6 Rf8 19. Nxc8 Rxc8 20. c3 Nc7 21. Nd2 Ne6 22. Ne4 Rc7 23. Rd2 Nd7 24. Rfd1 Ndc5 25. Nxc5 Nxc5 {[%mdl 4096] Endgame KRR-KRN} 26. Rd5 Kf6 27. Re1 Nd7 28. g3 Ke6 29. Red1 Nc5 30. Kg2 h5 31. f4 e4 32. Re5+ Kf6 33. Rd2 Rc6 34. c4 Re6 (34... Rc7 {keeps fighting.} 35. b3 Kg7) 35. Rxe6+ Kxe6 {KR-KN} 36. Kf2 Nd7 37. Ke3 f5 38. b4 Ke7 39. a4 Ke6 40. a5 Ke7 41. axb6 axb6 42. Ra2 Nf6 43. h3 b5 44. Ra7+ Ke8 45. cxb5 Nd5+ 46. Kd4 {White mates.} Nxb4 47. b6 Kd8 48. Ra8+ Kd7 49. b7 Nc6+ 50. Kc5 e3 51. b8=Q {Black did not feel at home in the position after the opening.  Weighted Error Value: White=0.03 (flawless) /Black=0.57} ({Not} 51. Rc8 e2 52. Re8 (52. Rxc6 e1=Q $11) 52... Kxe8 $11) 1-0

[Event "Charlotte IM-B MLK 2022"]
[Site "Charlotte"]
[Date "2022.01.17"]
[Round "7.2"]
[White "Kanli, Alperen"]
[Black "Chen, Ryo"]
[Result "0-1"]
[WhiteElo "2055"]
[BlackElo "2294"]
[Annotator "TA"]
[PlyCount "78"]
[EventDate "2022.01.13"]
[EventType "tourn"]
[EventCountry "USA"]
[SourceTitle "playchess.com"]
[Source "ChessBase"]
[SourceQuality "1"]

{[%evp 23,78,15,45,27,22,28,23,-23,-28,-24,21,-2,4,-10,-8,-60,-51,-63,-7,-25,-26,-39,-20,-29,14,33,21,34,8,4,140,120,154,134,111,27,29,-99,-47,-416,-423,-423,-423,-416,-416,-416,-415,-453,-453,-453,-453,-448,-430,-6225,-6025,-6114,-5787]} 1. d4 Nf6 2. c4 g6 3. Nc3 Bg7 4. e4 d6 5. Nf3 O-O 6. Be2 e5 7. O-O Nc6 8. d5 Ne7 9. b4 a5 10. Ba3 axb4 11. Bxb4 b6 12. a4 Re8 13. Qc2 {E97: King's Indian: Classical Main Line (6...e5 7 0-0 Nc6): 8 Be3 and 8 d5 Ne7, not 9 Ne1.} c5 14. Ba3 Nh5 {[%cal Bf6h5,Bh5g7,Bg7e6,Be6d4][%mdl 32] [#]} 15. g3 $146 (15. Nd2 {deserves consideration.}) ({Predecessor:} 15. Rfb1 Nf4 16. Bf1 Bg4 17. Nd2 Nc8 18. Bc1 Qg5 19. Kh1 Qh5 20. a5 bxa5 21. Rb7 {1-0 (43) Ovod,E (2383)-Sudakova,I (2256) Warsaw 2001}) 15... f5 $1 $11 16. Ng5 Bf6 (16... Nf6 {was preferrable.}) 17. Ne6 (17. Bc1 $5 {[%cal Re2h5]}) 17... Bxe6 18. dxe6 {Black must now prevent Bxh5.} Ng7 19. Nb5 (19. exf5 $11 Nexf5 20. Bf3) 19... Nxe6 $15 20. Bf3 Rc8 (20... f4 $15) 21. Rfd1 Nd4 22. Nxd4 cxd4 23. Qb3 d5 (23... Kg7 {should be considered.}) 24. exd5 $11 e4 25. Bg2 {Strongly threatening Rab1.} d3 26. Rab1 Kg7 {[#]} (26... Kh8 $11) 27. a5 $1 $16 b5 28. Qxb5 {And now d6 would win.} Ra8 {[%cal Bc8a8,Ba8a5,Ba5a3,Ba3c3,Bc3d3][%mdl 32]} 29. d6 (29. Bb4 $16 {d6 is the strong threat.} Be5 30. Qb6) 29... Rxa5 $11 30. dxe7 Qa8 $36 {[%mdl 2048] Black is more active.} 31. Qb7 {[%mdl 8192] This costs White the game.} (31. Rxd3 $1 $15 Rxb5 32. cxb5) 31... Qxb7 $19 ({Not} 31... Rxa3 $2 32. Qb5 $19) 32. Rxb7 {[#] aiming for Bb4.} Rxa3 33. Rd7 Rxe7 34. Rd5 Rc3 35. c5 Re5 {Black is clearly winning.} 36. Rd7+ Kh6 ({But not} 36... Re7 $2 37. Rd5 $19) 37. c6 Rec5 ({Worse is} 37... Rxc6 38. R7xd3 Rc2 39. R3d2 $17) 38. f3 (38. Rf1 $142) 38... e3 {( -> ...Rc1)} 39. R7xd3 Rxd3 {Weighted Error Value: White=0.67/Black=0.17 (very precise)} 0-1

[Event "Charlotte IM-B MLK 2022"]
[Site "Charlotte"]
[Date "2022.01.17"]
[Round "7.3"]
[White "Bregadze, Levan"]
[Black "Oberoi, Shelev"]
[Result "1-0"]
[WhiteElo "2448"]
[BlackElo "2268"]
[Annotator "TA"]
[PlyCount "65"]
[EventDate "2022.01.13"]
[EventType "tourn"]
[EventCountry "USA"]
[SourceTitle "playchess.com"]
[Source "ChessBase"]
[SourceQuality "1"]

{[%evp 12,65,9,17,29,33,42,26,45,47,39,37,45,37,39,44,35,33,38,41,39,46,45,43,62,64,114,111,119,119,561,564,559,556,551,537,595,596,632,641,685,684,731,691,764,746,778,658,696,679,932,895,1209,1154,29983,661]} 1. e4 e5 2. Nf3 Nc6 3. d4 exd4 4. Nxd4 Bb4+ 5. c3 Bc5 6. Be3 Bb6 7. Nf5 Bxe3 {C45: Scotch Game.} 8. Nxe3 (8. fxe3 g6 9. Ng3 Nf6 $15) 8... d6 9. c4 Nge7 {White has an edge.} 10. Nc3 O-O 11. Bd3 f5 12. exf5 Nxf5 13. Bxf5 (13. Qh5 g6 14. Qf3 Nxe3 15. Qxe3 Qf6 $11) 13... Bxf5 (13... Rxf5 $2 14. Nxf5 Bxf5 15. Qd5+ Kh8 16. Qxf5 $18) 14. Qd5+ Kh8 15. Nxf5 Qf6 {[#]} 16. O-O $1 Qxf5 {[#]} 17. Rae1 $146 ({Predecessor:} 17. Qxf5 Rxf5 18. f4 g6 19. Rae1 Kg7 20. Nd5 Rf7 21. Re4 Raf8 22. Rfe1 Nb8 23. g3 {½-½ (29) Khairullin,I (2639)-Alekseev,E (2683) St Petersburg 2012}) 17... Ne5 18. Qxb7 Rab8 (18... Nxc4 $14 19. Re2 (19. Qxc7 Nd2 $17) 19... Qf7) 19. Qxc7 $16 {Threatens to win with b3.} Rxb2 20. Qxd6 Nf3+ {[%mdl 8192] Loses the game.} 21. gxf3 $18 Rb6 {[#]} 22. Qd5 {Hoping for Qxf5.} ({Not} 22. Qg3 Rg6 $14) 22... Qh3 {( -> ...Rg6+)} 23. Re5 ({And not} 23. Qg5 Rg6 24. Qg3 Qc8 $11) 23... Rh6 {[%csl Gh6][%cal Rh3h2]} 24. Rd1 Qxh2+ 25. Kf1 Rg6 26. Ke2 Rb6 27. Re3 Rb2+ 28. Rd2 Rbb8 29. Qe5 Qg2 30. Qg3 Qh1 31. Re7 {[%csl Ge7,LRa7,LRg7][%cal Rg3g7]} Qh6 32. Ne4 {White threatens Rd6 and mate.} a5 33. Qg5 {Weighted Error Value: White=0.01 (flawless) /Black=0.49} (33. Rd6 $142 Rbe8 34. Rxe8 Rxe8 35. Rxh6 gxh6 36. Kd3 Rf8 37. Qe5+ Kg8 38. Nf6+ Kf7 39. Nxh7) 1-0

[Event "Charlotte IM-B MLK 2022"]
[Site "Charlotte"]
[Date "2022.01.17"]
[Round "7.4"]
[White "Matros, Alexander"]
[Black "Wu, Rochelle"]
[Result "1/2-1/2"]
[WhiteElo "2361"]
[BlackElo "2176"]
[Annotator "TA"]
[PlyCount "41"]
[EventDate "2022.01.13"]
[EventType "tourn"]
[EventCountry "USA"]
[SourceTitle "playchess.com"]
[Source "ChessBase"]
[SourceQuality "1"]

{[%evp 18,41,17,13,21,16,17,9,6,5,22,14,29,27,28,29,31,21,20,12,34,0,14,12,15,14]} 1. d4 d5 2. c4 c6 3. Nf3 Nf6 4. e3 Bf5 5. cxd5 cxd5 6. Qb3 Qc7 7. Bd2 e6 8. Bb5+ Nc6 9. O-O $1 {9.0-0 is better than 9.Bb4.} Bd6 10. Bb4 O-O {D12: Slav Defence: 3 Nf3 Nf6 4 e3 Bf5.} 11. Bxd6 Qxd6 12. Nbd2 Rfc8 13. Rac1 {[%cal Ba1c1,Bc1c3,Bc3a3][%mdl 32]} Nd7 14. Rc3 Rc7 15. Rfc1 Rac8 {[#]} 16. Bxc6 $146 (16. h3 {keeps more tension.} h5 17. Bxc6 bxc6 18. Qa4 c5 19. dxc5 Nxc5 20. Qa5) ({Predecessor:} 16. h3 h6 17. a3 Ncb8 18. Be2 Nc6 19. Qd1 Nb6 20. Rc5 Nd7 21. R5c3 Ncb8 22. Qb3 {½-½ (55) Papp,G (2275)-Szuhanek,R (2440) Hungary 2003}) 16... bxc6 17. Qa3 Qxa3 18. Rxa3 c5 19. Rac3 Kf8 20. Nh4 Bg6 21. Nxg6+ {An interesting draw.  Weighted Error Value: White=0.05 (flawless) /Black=0.07 (flawless)} 1/2-1/2

[Event "Charlotte IM-B MLK 2022"]
[Site "Charlotte"]
[Date "2022.01.17"]
[Round "7.5"]
[White "Shen, Christopher"]
[Black "Amburgy, Ryan"]
[Result "1-0"]
[WhiteElo "2335"]
[BlackElo "2135"]
[Annotator "RC"]
[PlyCount "77"]
[EventDate "2022.01.13"]
[EventType "tourn"]
[EventCountry "USA"]
[SourceTitle "playchess.com"]
[Source "ChessBase"]
[SourceQuality "1"]
[TimeControl "5400+30"]

1. d4 {[%emt 0:00:03]} Nf6 {[%emt 0:00:18]} 2. c4 {[%emt 0:00:06]} e6 {[%emt 0:00:05]} 3. Bg5 {[%emt 0:00:04]} Bb4+ {[%emt 0:00:52]} 4. Nd2 {[%emt 0:00:33]} h6 {[%emt 0:00:53]} 5. Bh4 {[%emt 0:00:58]} b6 {[%emt 0:02:12]} 6. a3 {[%emt 0:02:25]} Bxd2+ {[%emt 0:00:41]} 7. Qxd2 {[%emt 0:00:06]} Bb7 {[%emt 0:00:29]} 8. Nf3 {[%emt 0:01:28]} d5 {[%emt 0:02:17]} 9. cxd5 {[%emt 0:01:31]} Bxd5 {[%emt 0:00:52]} 10. e3 {[%emt 0:01:41]} Nbd7 {[%emt 1:26:51]} 11. Bd3 {[%emt 0:04:43]} O-O {[%emt 0:00:00]} 12. Qe2 {[%emt 0:02:19]} g5 {[%emt 0:00:00]} 13. Bg3 {[%emt 0:03:36]} Be4 {[%emt 0:00:00]} 14. O-O {[%emt 0:04:51]} Bxd3 {[%emt 0:00:00]} 15. Qxd3 {[%emt 0:00:39]} Nh5 {[%emt 0:00:00]} 16. Rac1 {[%emt 0:04:58]} Nxg3 {[%emt 0:00:00]} 17. hxg3 {[%emt 0:00:44]} c5 {[%emt 0:00:00]} 18. Rfd1 {[%emt 0:08:09]} Qe7 {[%emt 0:00:00]} 19. dxc5 {[%emt 0:08:29]} Nxc5 {[%emt 0:00:00]} 20. Qc2 {[%emt 0:00:53]} Qb7 {[%emt 0:00:00]} 21. Rd4 {[%emt 0:07:13]} Rac8 {[%emt 0:00:00]} 22. Rc4 {[%emt 0:02:37]} Rcd8 {[%emt 0:00:00]} 23. b4 {[%emt 0:01:40]} Na6 {[%emt 0:00:00]} 24. Ne5 {[%emt 0:04:18]} Rd5 {[%emt 0:00:00]} 25. Ng4 {[%emt 0:05:14]} Kg7 {[%emt 0:00:00]} 26. e4 {[%emt 0:01:44]} Rdd8 {[%emt 0:00:00]} 27. Qc3+ {[%emt 0:08:49]} f6 {[%emt 0:00:00]} 28. e5 {[%emt 0:00:23]} f5 {[%emt 0:00:00]} 29. Nf6 {[%emt 0:00:07]} Qe7 {[%emt 0:00:00]} 30. Rc6 {[%emt 0:02:26]} Qb7 {[%emt 0:00:00]} 31. Rxe6 {[%emt 0:02:39]} Rc8 {[%emt 0:00:00]} 32. Qe3 {[%emt 0:01:04]} Rfd8 {[%emt 0:00:00]} 33. Rxc8 {[%emt 0:01:54]} Qxc8 {[%emt 0:00:00]} 34. Re7+ {[%emt 0:00:24]} Kg6 {[%emt 0:00:00]} 35. Qb3 {[%emt 0:01:00]} Rf8 {[%emt 0:00:00]} 36. Nd7 {[%emt 0:00:19]} g4 {[%emt 0:00:00]} 37. Nxf8+ {[%emt 0:00:25]} Qxf8 {[%emt 0:00:00]} 38. Qe6+ {[%emt 0:00:09]} Kg5 {[%emt 0:00:00]} 39. Rf7 {[%emt 0:00:15]} 1-0